Statistics for Монархии, граничащие с монархиями

Click here to take the quiz!

General Stats

  • This quiz has been taken 510 times
  • The average score is 11 of 18

Answer Stats

Монархия% Correct
Испания
87%
Швеция
81%
Норвегия
81%
Бельгия
71%
Нидерланды
69%
Андорра
69%
Люксембург
68%
Саудовская Аравия
67%
Объединённые Арабские Эмираты
62%
Оман
60%
Катар
59%
Кувейт
50%
Иордания
45%
Малайзия
40%
Камбоджа
39%
Бруней
39%
Таиланд
37%
Марокко
35%

Score Distribution

Percentile by Number Answered

Percent of People with Each Score

Your Score History

You have not taken this quiz